000 00985cam a22003132 4500
001 0000025083
005 20151217155238.0
008 141118s xx 000 0 eng d
020 _a
_c
040 _aKABU
_cKABU
050 0 _a
_b
100 1 _aQadri, Syed Mohammad Afzal,
_d
_@0000185482
245 1 0 _aAhmad Siddique's criminology & penology :
_b
_c
246 3 _aCriminology & penology
250 _a6th ed.
260 _aLucknow :
_bEastern Book Company,
_c2009.
300 _aviii, 680 p. :
_b
_c
500 _a
504 _a
650 0 _aCriminology.
_@0000153132
650 0 _aCrime prevention
_zIndia.
_@0000185483
650 0 _aJuvenile delinguency.
_@0000185484
650 0 _aCriminal investigation.
_@0000069595
700 1 _a
_d
852 1 _9p1885 KES
852 1 _9p1885 KES
852 1 _9p1885 KES
908 _a141118
999 _c12261
_d12261